000
00268nam a2200109Ia 4500
008
230724s2007 xx und d
041
_a
eng
100
_a
LEHRI M.S.
245
_a
DESIGN IDEAS DEC.1994 VOL.III NO.9
260
_b
LEA AND FEBIGER
_c
2007
300
_a
406
999
_c
1177856
_d
1177856